On This Day: November 7th Quiz Stats

 Plays Quiz Updated Nov 7, 2017

Challenge
Share
Tweet
Embed
Score 0/7 Timer 03:00
0 Plays Today
Question Answer Wrong Answers
This well-known NBA star announces that he is infected with HIV, and retires immediately.
1991
Magic Johnson
90.6%
Larry Bird
3%
James Worthy
1.2%
Patrick Ewing
2.5%
The first Palmer Raid is conducted, with over 10,000 suspected communists and ______ arrested in twenty-three different US cities.
1919
Anarchists
84.7%
Monarchists
2.8%
Oligarchists
3.3%
Federalists
6.8%
A cartoon by Thomas Nast in ‘Harper's Weekly’ depicts what is considered the first important use of an ______ as a symbol for the United States Republican Party.
1874
Elephant
83.3%
Owl
0.7%
Eagle
14.4%
Alligator
0.6%
This Polish chemist and physicist, who conducted pioneering research on radioactivity, is born.
1867
Marie Curie
82.1%
Albert Einstein
2.5%
Alfred Nobel
5.6%
Niels Bohr
9.8%
Mary Robinson becomes the first woman to be elected President of the Republic of ______.
1990
Ireland
80.3%
Cyprus
4.3%
Malta
5.9%
Georgia
6.8%
Butch Cassidy and the Sundance Kid are reportedly killed during a shootout in this South American country.
1908
Bolivia
63.1%
Chile
6.9%
Venezuela
10.9%
Argentina
17.2%
The US Congress overrides President Richard M. Nixon's veto of this, which limits presidential power to wage war without congressional approval.
1973
War Powers Resolution
39.4%
Presidential Power Act
28.8%
Defense Code
1.8%
War Declaration Act
27.4%

You're not logged in!

Compare scores with friends on all Sporcle quizzes.
OR
Log In

You Might Also Like...

Show Comments

Extras

Top Quizzes Today


Score Distribution

Your Account Isn't Verified!

In order to create a playlist on Sporcle, you need to verify the email address you used during registration. Go to your Sporcle Settings to finish the process.

Report this User

Report this user for behavior that violates our Community Guidelines.

Details: